| 000 | 02509nam0a2200409 4500 | ||
|---|---|---|---|
| 001 | RU\NLR\BIBL_A\022623118 | ||
| 005 | 20260408231547.0 | ||
| 010 |
_a978-5-907846-81-4 _9500 |
||
| 035 | _a(NLR Aleph) 022623118 | ||
| 090 |
_a13504736 _c13504736 |
||
| 100 | _a20250916d2024 k y0rusy50 ca | ||
| 101 | 0 |
_arus _deng |
|
| 102 | _aRU | ||
| 105 | _aach z 010yy | ||
| 181 | 0 |
_ai3 _baxxe |
|
| 182 | 0 | _an | |
| 200 | 1 |
_aЯпонская культура на Западе _eколлективная монография _f[Катасонова Елена Леонидовна, доктор исторических наук, Долин Александр Аркадьевич, кандидат филологических наук, профессор, , Молодяков Василий Элинархович, кандидат исторических наук, доктор политических наук, профессор университета Такусёку (Япония) и др.] _gответственные редакторы: Е. Л. Катасонова (д. и. н.), А. А. Долин _gИнститут востоковедения Российской академии наук |
|
| 203 |
_aТекст _bвизуальный _cнепосредственный |
||
| 210 |
_aМосква _cИВ РАН _d2024 |
||
| 215 |
_a542, [1] с., [8] л. цв. ил., портр., факс. _cил., портр. _d25 |
||
| 300 | _aАвт. указаны на 537-й с. | ||
| 300 | _aНа тит. с.: Рос. акад. наук, 300 лет | ||
| 300 | _aРез. англ. | ||
| 320 | _aБиблиогр. в конце глав и в подстроч. примеч. | ||
| 606 |
_aКультура _xИстория _z19 - нач. 21 вв. _xВлияние японской культуры _3RU\NLR\AUTH\6601764017 _92690586 |
||
| 686 | 1 | _aТ3(0)5-73 | |
| 686 | 1 | _aТ3(0)6-73 | |
| 686 | 1 | _aТ3(5Я)0-73 | |
| 701 | 1 |
_8rus _7ca _aКатасонова _bЕ. Л. _cд-р ист. наук, японовед _f1950- _gЕлена Леонидовна _3RU\NLR\AUTH\77125775 _9108699 |
|
| 701 | 1 |
_aДолин _bА. А. _f1949- _gАлександр Аркадьевич |
|
| 701 | 1 |
_aМолодяков _bВ. Э. _f1968- _gВасилий Элинархович |
|
| 712 | 0 | 2 |
_4475 _aИнститут востоковедения _cМосква _3RU\NLR\AUTH\8810000899 _9498968 |
| 942 | _cBOOK | ||
| 980 | _aNB | ||